Les attentats et assassinats en France depuis 1589 - Statistiques

Statistiques générales
  • Ce quiz a été pris 95 fois
  • Le résultat moyen est 18 sur 50
Statistiques - réponses
Question Réponse % Correct
Le 14 juillet 2016 un Tunisien fonce sur la foule qui regarde un feu d'artifice, les faits se déroulent à ... Nice
86%
Le 28 juillet 1835, Fieschi commet un attentat qui fait 19 morts mais rate sa cible principale qui était... Le roi Louis-Philippe
79%
Napoléon III est aussi l'objet de tentatives d'assassinat en particulier l'attentat organisé le 14 janvier 1858 par Felice Orsini
71%
Le 14 mai 1610, le roi Henri IV est tué en plein Paris par... François Ravaillac
71%
Le 9 janvier 2015, les auteurs de l'attentat de Charlie-Hebdo sont abattus à Dammartin-en-Goêle dans une imprimerie
71%
Le 22 août 1962, on tire sur la voiture du général de Gaulle qui échappe de peu à la mort. De quels marque et modèle était la voiture dont la mécanique a été déterminante ? Citroën DS
64%
Le 11 décembre 2018, un terroriste tue 5 personnes sur un marché de Noël à Strasbourg
64%
Le 17 novembre 1986, le P.D.G. de Renault est assassiné, il se nommait... Georges Besse
57%
Le 23 mars 2018, le lieutenant-colonel Beltrame est abattu par un terroriste dans un supermarché de... Trèbes
57%
Un groupe armé d'extrême-droite fait une dizaine de morts lors d'attentats dans les années 1970. A quel personnage historique a-t-il emprunté son nom ? Charles Martel
50%
Le 1er août 1589, le roi Henri III est mortellement blessé par un moine nommé... Clément
50%
Où les terroristes qui agissent le 13 novembre 2015 n'ont-ils pas agi ? dans le XIIe arrondissement de Paris
50%
Du 24 au 26 décembre 1994 se déroule le détournement du vol Air France Alger-Paris. Quelle unité y met fin ? Le GIGN
50%
Le 9 octobre 1934 un attentat a lieu à Marseille... Parmi les victimes on compte le roi Alexandre 1er de Yougoslavie et le ministre des Affaires Etrangères
50%
L'attentat contre la rédaction du journal Charlie-Hebdo le 7 janvier 2015 fait 11 blessés et combien de morts ? 12
43%
Cette année-là est fondé le Front National de Libération Corse... 1976
43%
Ce jour-là l'express Paris-Tourcoing déraille près d'Arras à cause d'un sabotage.Il y a 16 morts... Nous sommes le... 3 décembre 1947
43%
Le 21 août 2015, un homme armé est maitrisé dans le Thalys Amsterdam-Paris par trois soldats... américains
43%
Ce brillant élève rate le concours d'entrée à l'Ecole polytechnique et devient anarchiste. Il commet plusieurs attentats. Il se nommait... Emile Henry
43%
Le 24 juin 1894, le président de la République, Sadi-Carnot est tué par Géronimo Caserio à... Lyon
43%
Le 30 octobre 1980 un attentat contre une synagogue fait 4 morts, cet attentat a eu lieu... Rue Copernic
43%
Entre le 1er et le 31 mai de cette année-là Paris connait 46 attentats en trois nuits. Quelle est cette année terrible marquée par bien d'autres actes terroristes ? 1979
36%
Cette nuit là, la Corse connait 99 attentats, nous sommes le 18 août... 1982
36%
Ce jour-là, l'OAS, groupe opposé à l'indépendance de l'Algérie commet 6 attentats à Paris. Nous sommes le... 6 janvier 1961
36%
En octobre 1988, un film provoque deux attentats en France, il s'agit de La dernière tentation du Christ de Martin Scorcese. En quoi choque-t-il les intégristes catholiques ? On le voit amoureux de Marie-Madeleine
36%
Le 24 décembre 1800, un attentat est perpétré contre le Premier consul, Napoléon Bonaparte ; il se déroule... Rue Saint-Nicaise
36%
Mohamed Merah est abattu le 22 mars 2012 après avoir tué... 3 militaires, 1 civil et 3 enfants
29%
Le 16 avril 1981, alors que Valéry Giscard d'Estaing, président de la République, vient d'arriver, une bombe explose... A l'aéroport d'Ajaccio
29%
En 1893, un anarchiste lance une bombe dans la Chambre des Députés pour venger Ravachol, un autre anarchiste exécuté le 11 juillet 1892. Qui est l'auteur de l'attentat ? Auguste Vaillant
29%
Dans la nuit du 25 au 26 juin 1978, une bombe explose dans la galerie des batailles du château de Versailles. Des indépendantistes sont à l'origine de l'attentat, de quelle région ? Bretagne
29%
Dans quelle ville n'y a-t-il pas eu d'attentat terroriste en 2016 ? Lille
29%
Le 3 décembre 1996, un attentat a lieu dans le RER-B à la station... Port-Royal
29%
Combien les fusillades et attentats du 13 novembre 2015 ont-ils fait de victimes ? (hors terroristes) 123 morts et 413 blessés
21%
Maxime Brunerie tente d'assassiner Jacques Chirac avant le défilé du 14 juillet en... 2002
21%
Le 24 janvier 1962, l'OAS commet, à Paris, un nombre impressionnant d'attentats, au total combien de bombes explosent dans Paris ? 22
21%
Le 7 mai 1932, le président de la République, Paul Doumer est tué par Paul Gorgulov. Il se trouvait... A une vente de livres
21%
Le 19 décembre 1977, un commerce de luxe parisien est la cible d'un attentat. Il s'agit de... Fauchon
21%
Le 9 mars 1975, une bombe explose dans une gare parisienne. Laquelle ? Gare de l'Est
21%
Le 2 novembre 1976, un attentat vise un homme politique français. Qui ? Jean-Marie Le Pen
21%
Le 13 février 1936, un groupe d'extrême-droite tente d'assassiner le président du conseil socialiste Léon Blum. Ce groupe s'appelle... La Cagoule
21%
Le 18 janvier 1962, l'OAS commet 17 attentats à Paris on a parlé de La nuit bleue
21%
Le procès des attentats de novembre 2015 a débuté en septembre 2021
21%
Le préfet Claude Erignac est tué en Corse le 6 février 1998 à Ajaccio
14%
Le 15 décembre 1974, un attentat est perpétré contre le Drugstore St Germain par un groupe dirigé par un dénommé Carlos. Il fait 2 morts. Quel était le vrai nom de Carlos ? Illitch Ramirez Sanchez
14%
En 2020, selon les autorités plusieurs tentatives d'attentats ont été déjouées, au moins... 11
7%
Le 14 avril 1977, le directeur d'une grande société automobile est enlevé. Pour qui travaille-t-il ? Fiat
7%
Le 23 décembre 1983 un grand restaurant parisien est visé par un attentat, il s'agit de... Le Grand Véfour
7%
Le 23 février 1985 un grand magasin parisien est visé par un attentat, il s'agit de... Mark's and Spencer
7%
Le 18 juin 1961, un train déraille près de Vitry-le-François, il s'agit du Strasbourg-Paris. L'Etat parle d'un accident. Il faudra plusieurs années pour que les victimes (28 morts) soient indemnisés et que l'attentat soit reconnu. Cela se fait en... 1966
0%
Le 11 septembre 1937, un groupe appelé La Cagoule commet deux attentats simultanés contre l'Union des Industries métallurgiques et la Confédération Générale du Patronat français. Ils font des morts mais combien ? 2
0%
Aucun quiz correspondant
Distribution des résultats
% des personnes avec chaque résultat
Percentile par nombre de réponses
Votre historique - résultats
Vous n’avez pas pris ce quiz